LEADER 01346nam--2200397---450- 001 990001825880203316 005 20060531135855.0 035 $a000182588 035 $aUSA01000182588 035 $a(ALEPH)000182588USA01 035 $a000182588 100 $a20040706d1983----km-y0itay0103----ba 101 0 $aita 102 $aIT 105 $a||||||||001yy 200 1 $aStoria degli strumenti musicali$econ un glossario dei termini tecnici e acustici$fa cura di Anthony Baines$gintroduzione, traduzione e note di Febo Guizzi 210 $aMilano$cBiblioteca Universale Rizzoli$d1983 215 $aXVIII, 437 p.$cill.$d18 cm. 225 2 $a<> tascabili della BUR$v402 410 0$12001$a<> tascabili della BUR$v402 454 1$12001$aMusical instruments through the ages$956486 461 1$1001-------$12001 606 0 $aStrumenti musicali$xStoria 676 $a781.91 702 1$aBAINES,$bAnthony 702 1$aGUIZZI,$bFebo 801 0$aIT$bsalbc$gISBD 912 $a990001825880203316 951 $aXIII.3.A. 57(Varie coll. 29/402)$b11116/85 L.M.$cVarie coll. 959 $aBK 969 $aUMA 979 $aSIAV8$b10$c20040706$lUSA01$h1347 979 $aCOPAT3$b90$c20041229$lUSA01$h1020 979 $aCOPAT6$b90$c20060531$lUSA01$h1358 996 $aMusical instruments through the ages$956486 997 $aUNISA LEADER 01948nam0 22004453i 450 001 VAN00277589 005 20250217042053.943 017 70$2N$a9783031008320 100 $a20240610d2022 |0itac50 ba 101 $aeng 102 $aCH 105 $a|||| ||||| 200 1 $aHigh-Dimensional Optimization and Probability$eWith a View Towards Data Science$fAshkan Nikeghbali ... [et al.] editors 210 $aCham$cSpringer$d2022 215 $aviii, 417 p.$cill.$d24 cm 410 1$1001VAN00067197$12001 $aSpringer optimization and its applications$1210 $aBerlin [etc.]$cSpringer$d2006-$v191 610 $aApproximation and complexity in numerical optimization$9KW:K 610 $aComplex Network Analysis$9KW:K 610 $aData science$9KW:K 610 $aDeterministic global optimization$9KW:K 610 $aEnergy systems$9KW:K 610 $aHigh-dimensional optimization$9KW:K 610 $aMachine learning$9KW:K 610 $aNon-smooth optimization$9KW:K 610 $aOptimization in medicine$9KW:K 610 $aProbability Theory$9KW:K 610 $aStatistical models data mining$9KW:K 610 $aStrasbourg-Zurich meetings$9KW:K 610 $aVariational inequalities and equilibrium problems$9KW:K 620 $aCH$dCham$3VANL001889 702 1$aNikeghbali$bAshkan$3VANV089013 712 $aSpringer $3VANV108073$4650 801 $aIT$bSOL$c20250221$gRICA 856 4 $uhttps://doi.org/10.1007/978-3-031-00832-0$zE-book ? Accesso al full-text attraverso riconoscimento IP di Ateneo, proxy e/o Shibboleth 899 $aBIBLIOTECA DEL DIPARTIMENTO DI MATEMATICA E FISICA$1IT-CE0120$2VAN08 912 $fN 912 $aVAN00277589 950 $aBIBLIOTECA DEL DIPARTIMENTO DI MATEMATICA E FISICA$d08DLOAD e-Book 8748 $e08eMF8748 20240618 996 $aHigh-dimensional optimization and probability$93000516 997 $aUNICAMPANIA